[Event "Techirghiol op-A"]
[Site "Techirghiol"]
[Date "1998.??.??"]
[Round "?"]
[White "Bode, Dorel Ioan"]
[Black "Lokchin, Anatoli"]
[Result "1-0"]
[WhiteElo "1725"]
[BlackElo "1750"]
[PlyCount "105"]
[EventDate "1998.09.??"]
[EventType "swiss"]
[EventRounds "9"]
[EventCountry "ROU"]
[SourceTitle "EXT 2000"]
[Source "ChessBase"]
[SourceDate "1999.11.16"]
[SourceVersion "1"]
[SourceVersionDate "1999.11.16"]
[SourceQuality "1"]

1. e4 c5 2. Nf3 d6 3. d4 cxd4 4. Nxd4 Nf6 5. Nc3 g6 6. Be3 Bg7 7. f3 0-0 8. Qd2 Nc6 9. Bc4 Ne5 10. Bb3 Bd7 11. 0-0-0 Rc8 12. Bh6 Nc4 13. Bxc4 Rxc4 14. Bxg7 Kxg7 15. h4 h5 16. Rdg1 b5 17. g4 hxg4 18. h5 Rh8 19. hxg6 fxg6 20. fxg4 a6 21. g5 Nh5 22. b3 Rc8 23. Nd5 e6 24. Nf4 Nxf4 25. Qxf4 e5 26. Rxh8 exf4 27. Rxd8 Rxd8 28. Rf1 Rf8 29. Kd2 Bg4 30. Rf2 Rf7 31. Kd3 Kf8 32. c4 Bd7 33. Ne2 bxc4+ 34. bxc4 f3 35. Nd4 Ke7 36. Rxf3 Rh7 37. Rf6 Be8 38. e5 dxe5 39. Re6+ Kd7 40. Rxe5 Bf7 41. Nf3 Kc6 42. Kd4 Bg8 43. Rc5+ Kb6 44. Rc8 Be6 45. Rd8 Kc7 46. Re8 Rd7+ 47. Kc5 Bf5 48. Nd4 Bd3 49. Re3 Bb1 50. Re6 Bxa2 51. Rxg6 Kb7 52. Rb6+ Ka7 53. Nc6+ 1-0

[Event "Centrocoop June op-A"]
[Site "Eforie Nord "]
[Date "1998.??.??"]
[Round "?"]
[White "Lokchin, Anatoli"]
[Black "Craciun, Ovidiu"]
[Result "1/2-1/2"]
[WhiteElo "2000"]
[BlackElo "2225"]
[PlyCount "41"]
[EventDate "1998.06.??"]
[EventType "swiss"]
[EventRounds "11"]
[EventCountry "ROU"]
[SourceTitle "EXT 2000"]
[Source "ChessBase"]
[SourceDate "1999.11.16"]
[SourceVersion "1"]
[SourceVersionDate "1999.11.16"]
[SourceQuality "1"]

1. d4 Nf6 2. c4 g6 3. Nc3 d5 4. cxd5 Nxd5 5. e4 Nxc3 6. bxc3 Bg7 7. Bc4 0-0 8. Be3 Nc6 9. Ne2 b6 10. 0-0 Bb7 11. Qd2 e5 12. Rad1 exd4 13. cxd4 Qe7 14. e5 Qb4 15. Bd5 Qxd2 16. Rxd2 Rfd8 17. Bxc6 Bxc6 18. Rc1 Bb5 19. Nc3 Bc6 20. Ne2 Bb5 21. Nc3 1/2-1/2

[Event "Centrocoop June op-A"]
[Site "Eforie Nord "]
[Date "1998.??.??"]
[Round "?"]
[White "Lokchin, Anatoli"]
[Black "Kutnik, Alexandru"]
[Result "1-0"]
[WhiteElo "2000"]
[BlackElo "2270"]
[PlyCount "115"]
[EventDate "1998.06.??"]
[EventType "swiss"]
[EventRounds "11"]
[EventCountry "ROU"]
[SourceTitle "EXT 2000"]
[Source "ChessBase"]
[SourceDate "1999.11.16"]
[SourceVersion "1"]
[SourceVersionDate "1999.11.16"]
[SourceQuality "1"]

1. d4 c5 2. d5 e6 3. c4 exd5 4. cxd5 d6 5. Nc3 g6 6. Nf3 a6 7. Bf4 b5 8. e4 f6 9. Qd2 Nd7 10. Be2 Ne5 11. a4 b4 12. Nd1 h5 13. Nxe5 fxe5 14. Bg5 Be7 15. Bxe7 Qxe7 16. Ne3 Nf6 17. f3 h4 18. Nc4 Ra7 19. 0-0-0 Nh5 20. Kb1 Qd8 21. g4 hxg3 22. hxg3 Rah7 23. Rdg1 Qe7 24. Bd3 g5 25. Ka2 Qf6 26. f4 gxf4 27. gxf4 Qxf4 28. Nxd6+ Kd7 29. Qxf4 Nxf4 30. Rxh7+ Rxh7 31. Nxc8 Nxd3 32. Nb6+ Ke7 33. Rd1 Nf4 34. a5 Rh8 35. Kb3 Ne2 36. d6+ Ke6 37. Kc4 Nd4 38. Kxc5 b3 39. d7 Ke7 40. Kd5 Rh2 41. Rg1 Rh8 42. Nc4 Ne6 43. Nxe5 Rh2 44. Rg8 Rd2+ 45. Kc6 Rd6+ 46. Kb7 Kf6 47. Nc4 Rxd7+ 48. Kxa6 Rd4 49. e5+ Ke7 50. Kb5 Nc7+ 51. Kb4 Rd3 52. Rg6 Nd5+ 53. Kc5 Nf4 54. Rd6 Rh3 55. a6 Ne6+ 56. Rxe6+ Kxe6 57. a7 Rh8 58. Nb6 1-0